书目信息 |
| 题名: |
《世界人权宣言》
|
|
| 作者: | 阿尔弗雷德松 , 艾德 编 ;中国人权研究会组织翻 译 | |
| 分册: | ||
| 出版信息: | 成都 四川人民出版社 1999.06 |
|
| 页数: | 820页 | |
| 开本: | 32开 | |
| 丛书名: | ||
| 单 册: | ||
| 中图分类: | D815.7 | |
| 科图分类: | ||
| 主题词: | 国际关系 | |
| 电子资源: | ||
| ISBN: | 7-220-04500-X | |
| 000 | 00921nam0 2200229 45 | |
| 001 | 0010050936 | |
| 005 | 20031229172228.8 | |
| 010 | @a7-220-04500-X@dCNY39.00 | |
| 100 | @a20001005d1999 km y0chiy0120 ea | |
| 101 | 0 | @achi |
| 105 | @a z 000yy | |
| 200 | 1 | @a《世界人权宣言》@A《Shi Jie Ren Quan Xuan Yan》@e努力实现的共同标准@ENu Li Shi Xian De Gong Tong Biao Zhun@f(瑞典)格德门德尔.阿尔弗雷德松,(挪威)阿斯布佐恩.艾德编@F(Rui Dian)Ge De Men De Er.A Er Fu Lei De Song,(Nuo Wei)A Si Bu Zuo En.AiDe Bian@g中国人权研究会组织翻译 |
| 210 | @a成都@c四川人民出版社@d1999.06 | |
| 215 | @a820页@d32开 | |
| 517 | @a努力实现的共同标准@ANu Li Shi Xian De Gong Tong Biao Zhun | |
| 606 | 0 | @a国际关系 |
| 690 | @aD815.7@v3 | |
| 701 | 0 | @a阿尔弗雷德松@4编 |
| 701 | 0 | @a艾德@4编 |
| 712 | 02 | @a中国人权研究会组织翻@AZhong Guo Ren Quan Yan JiuHui Zu Zhi Fan@4译 |
| 801 | @aCN@bTSTC@c20001005 | |
| 905 | @b291459-461@dD815.7@e36@f3 | |
| 《世界人权宣言》:努力实现的共同标准/(瑞典)格德门德尔.阿尔弗雷德松,(挪威)阿斯布佐恩.艾德编/中国人权研究会组织翻译.-成都:四川人民出版社,1999.06 |
| 820页;32开 |
| ISBN 7-220-04500-X:CNY39.00 |
| ● |
| 相关链接 |
|
|
|
|
正题名:《世界人权宣言》
索取号:D815.7/36
 
预约/预借
| 序号 | 登录号 | 条形码 | 馆藏地/架位号 | 状态 | 备注 |
| 1 | 0291459 | 002914591 | 第一借阅区/ [索取号:D815.7/36] | 在馆 | |
| 2 | 0291460 | 002914608 | 第一借阅区/ [索取号:D815.7/36] | 在馆 | |
| 3 | 0291461 | 002914617 | 第一样本阅览室/ [索取号:D815.7/36] | 在馆 |